000 00475nam a2200181Ia 4500
001 19554
005 20260306172701.0
008 260306t2002||||xx |||||||||||||| ||spa||
041 _aESP
082 _a340.4
_bH41
100 _aHernando Nieto, Eduardo
_eAUT
245 0 _aDeconstruyendo la legalidad:
_bensayos de teoría legal y teoría política
260 _c2002
300 _a289 páginas :
_c20 cm.
650 _aGEN
654 _aCDE
942 _cLIB
_dJUS
_fJUS
_2ddc
_n
999 _c19554
_d19554